000 00578cam a22002051 4500
001 l 22000287
003 DLC
005 20260227111528.0
008 760409s1921 gw 000 0 ger c
010 _al 22000287
035 _a(OCoLC)2104813
040 _aLibrary, U.S. Dept. of Labor
_cNNU
_dOCoLC
_dDLC
042 _apremarc
050 0 0 _aHA29
_b.Z5
100 1 _aZizek, Franz,
_d1876-
245 1 0 _aGrundriss der statistik,
_cvon Franz Žižek ...
260 _aMünchen,
_aLeipzig,
_bDuncker & Humblot,
_c1921.
300 _avii, 470 p.
_c26 cm.
650 0 _aStatistics.
999 _c35655
_d35655